000 00485nam a22001937a 4500
003 MPLRDC
005 20220104124408.0
008 210129b ||||| |||| 00| 0 eng d
020 _a957-2036-40-8
082 _a047 EM
100 _a二马 编
245 _a没有知识也要有常识
_c
250 _a初版
260 _a台湾
_b水瓶文化事业有限公司
_c2002
300 _b170
490 _a生活好玩志: 3
650 _a儿童百科全书
942 _cBK
_o047 EM
999 _c18991
_d18981